00250nam a2200121Ia 45000030006000000080041000060400015000471000013000622450015000752600009000905460012000990050017001110STCL150530s9999 xx 000 0 und d aSTCLcSTCL aBindloss aLean years c1931 aEnglish20220125171051.0